000
00200 a2200097 4500
001
30757
100
_a
Bradley, D
245
_a
Railway's and Trains
260
_a
_b
Purnell
_c
090
_c
20689
_d
20689
942
_a
NUST-CAE
_c
M
_c
11879
999
_c
265830
_d
265830